<?xml version="1.0" encoding="UTF-8"?><?xml-stylesheet type="text/xsl" href="static/style.xsl"?><OAI-PMH xmlns="http://www.openarchives.org/OAI/2.0/" xmlns:xsi="http://www.w3.org/2001/XMLSchema-instance" xsi:schemaLocation="http://www.openarchives.org/OAI/2.0/ http://www.openarchives.org/OAI/2.0/OAI-PMH.xsd"><responseDate>2026-04-30T00:43:25Z</responseDate><request verb="GetRecord" identifier="oai:uvadoc.uva.es:10324/4468" metadataPrefix="marc">https://uvadoc.uva.es/oai/request</request><GetRecord><record><header><identifier>oai:uvadoc.uva.es:10324/4468</identifier><datestamp>2021-09-20T07:05:46Z</datestamp><setSpec>com_10324_38</setSpec><setSpec>col_10324_787</setSpec></header><metadata><record xmlns="http://www.loc.gov/MARC21/slim" xmlns:doc="http://www.lyncode.com/xoai" xmlns:xsi="http://www.w3.org/2001/XMLSchema-instance" xmlns:dcterms="http://purl.org/dc/terms/" xsi:schemaLocation="http://www.loc.gov/MARC21/slim http://www.loc.gov/standards/marcxml/schema/MARC21slim.xsd">
<leader>00925njm 22002777a 4500</leader>
<datafield tag="042" ind1=" " ind2=" ">
<subfield code="a">dc</subfield>
</datafield>
<datafield tag="720" ind1=" " ind2=" ">
<subfield code="a">Alcalde Caldevilla, Patricia</subfield>
<subfield code="e">author</subfield>
</datafield>
<datafield tag="260" ind1=" " ind2=" ">
<subfield code="c">2013</subfield>
</datafield>
<datafield tag="520" ind1=" " ind2=" ">
<subfield code="a">El presente Trabajo Fin de Máster profundiza en los sistemas de emergencia eCall,&#xd;
analizando sus elementos y características más relevantes y viendo cuál ha sido su evoluci&#xd;
ón a lo largo del tiempo. Además, diseña y desarrolla una aplicación que implementa las&#xd;
comunicaciones inband necesarias para la generación de la llamada de emergencia, de tal&#xd;
forma que se contribuye a la iniciativa de la Comisión Europea, que prevee que el sistema&#xd;
paneuropeo eCall pueda ofrecerse de serie en todos los vehículos nuevos que se fabriquen&#xd;
a partir de 2015.</subfield>
</datafield>
<datafield tag="024" ind2=" " ind1="8">
<subfield code="a">http://uvadoc.uva.es/handle/10324/4468</subfield>
</datafield>
<datafield ind1=" " ind2=" " tag="653">
<subfield code="a">Automóviles - Informática</subfield>
</datafield>
<datafield tag="245" ind1="0" ind2="0">
<subfield code="a">Aplicaciones y funcionalidades del sistema eCall. Estudio de un caso real</subfield>
</datafield>
</record></metadata></record></GetRecord></OAI-PMH>